Gold and the dollar crisis : (Record no. 4114)
[ view plain ]
| 000 -LEADER | |
|---|---|
| fixed length control field | 00916cam a22002891 4500 |
| 001 - CONTROL NUMBER | |
| control field | 4114 |
| 003 - CONTROL NUMBER IDENTIFIER | |
| rucl marc code | BD-RjUL |
| 005 - DATE AND TIME OF LATEST TRANSACTION | |
| control field | 20211208233832.0 |
| 008 - FIXED-LENGTH DATA ELEMENTS--GENERAL INFORMATION | |
| fixed length control field | 131221m19631960ctua 000 0 eng |
| 035 ## - SYSTEM CONTROL NUMBER | |
| System control number | (BD-RjUL)4148 |
| System control number | (OCoLC)718244 |
| 040 ## - CATALOGING SOURCE | |
| Original cataloging agency | DLC |
| Transcribing agency | ODaWU |
| Modifying agency | OCoLC |
| -- | Uk |
| -- | DLC |
| -- | BD-RjUL |
| Language of cataloging | eng |
| 041 ## - LANGUAGE CODE | |
| Language code of text/sound track or separate title | eng |
| 082 00 - DEWEY DECIMAL CLASSIFICATION NUMBER | |
| Classification number | 332.4973 |
| Edition number | 18 |
| Author mark and year | TRG 1963 |
| 100 1# - MAIN ENTRY--PERSONAL NAME | |
| Personal name | Triffin, Robert. |
| 9 (RLIN) | 13065 |
| 245 10 - TITLE STATEMENT | |
| Title | Gold and the dollar crisis : |
| Remainder of title | the future of convertibility / |
| Statement of responsibility, etc. | Robert Triffin. |
| 250 ## - EDITION STATEMENT | |
| Edition statement | Rev. ed. |
| 260 ## - PUBLICATION, DISTRIBUTION, ETC. (IMPRINT) | |
| Place of publication, distribution, etc. | New Haven : |
| Name of publisher, distributor, etc. | Yale University Press, |
| Date of publication, distribution, etc. | c1960 [Printing 1963]. |
| 300 ## - PHYSICAL DESCRIPTION | |
| Pagination | 181 p. : |
| Illustrations | illus. ; |
| Size | 21 cm. |
| 650 #0 - SUBJECT ADDED ENTRY--TOPICAL TERM | |
| Topical term or geographic name as entry element | Currency question. |
| 9 (RLIN) | 13067 |
| Topical term or geographic name as entry element | Currency question |
| Geographic subdivision | United States. |
| 9 (RLIN) | 10098 |
| Topical term or geographic name as entry element | Balance of payments |
| Geographic subdivision | United States. |
| 9 (RLIN) | 11756 |
| 942 ## - ADDED ENTRY ELEMENTS (KOHA) | |
| Source of classification or shelving scheme | Dewey Decimal Classification |
| Koha item type | Books |
| Lost status | Source of classification or shelving scheme | Damaged status | Not for loan | Collection code | Permanent Location | Current Location | Shelving location | Date acquired | Source of acquisition | Cost, normal purchase price | Total Checkouts | Full call number | Date last seen | Copy number | Koha item type |
|---|---|---|---|---|---|---|---|---|---|---|---|---|---|---|---|
| Dewey Decimal Classification | Non-fiction | Central Library, University of Rajshahi | Central Library, University of Rajshahi | 25/03/1965 | Sweels & Zeitlinger | 12.60 | 332.4973 TRG 1963 | 21/12/2013 | C-4 | Books | |||||
| Dewey Decimal Classification | Non-fiction | Central Library, University of Rajshahi | Central Library, University of Rajshahi | 03/06/1964 | Zeitlinger | 15.00 | 332.4973 TRG 1961 | 25/06/2016 | C-2 | Books | |||||
| Dewey Decimal Classification | Non-fiction | Central Library, University of Rajshahi | Central Library, University of Rajshahi | 03/06/1964 | Zeitlinger | 15.00 | 332.4973 TRG 1961 | 25/06/2016 | C-3 | Books | |||||
| Dewey Decimal Classification | Non-fiction | Central Library, University of Rajshahi | Central Library, University of Rajshahi | 25/03/1965 | Sweets & Zeitlinger | 12.60 | 332.4973 TRG 1963 | 25/06/2016 | C-5 | Books | |||||
| Dewey Decimal Classification | Not For Loan | Non-fiction | Central Library, University of Rajshahi | Central Library, University of Rajshahi | Reading Room | 03/06/1964 | Zeetlinger | 15.00 | 332.4973 TRG 1963 | 19/12/2016 | C-1 | Books |